| 000 | 00618nam a2200205 i 4500 | ||
|---|---|---|---|
| 001 | 28805 | ||
| 003 | ES-MaACL | ||
| 005 | 20230909063100.0 | ||
| 007 | t| | ||
| 008 | 030120s1885 sp ||||1| spa d | ||
| 100 | 1 |
_aBalaguer, Víctor, _d1824-1901 _924806 |
|
| 245 | 1 | 0 |
_aDiscursos académicos y memorias literarias / _cVíctor Balaguer. |
| 260 |
_aMadrid : _bManuel Tello, _c1885. |
||
| 300 |
_a360 p. ; _c22 cm. |
||
| 490 | 1 |
_aObras de Víctor Balaguer ; _v7 |
|
| 830 | 1 |
_aObras de Víctor Balaguer ; _v7 _9181206 |
|
| 852 |
_aES-MaACL _jB-162 |
||
| 852 |
_aES-MaACL _jB-128 |
||
| 999 |
_c28805 _d28805 |
||